1575 1672 1576 1450 1124 1719 1707 1628 1662 1535 1075 1018 1030 1019 1431 1758 1899 1602 1431 1383 1631 1805 1580 1780 1986 1406 1677 1821 1887 1721 1053 1324 1908 1427 1978 1894 1912 1946 1131 1733 1039 1177 1563 1423 1839 1768 1623 1845 1016 1869 1081 1602 1460 1484 1271 1708 1354 1026 1884 1367 1594 1613 1225 1747 1730 1236 1376 1804 1385 1427 1504 1968 1021 1776 1443 1626 1276 1252 1697 1744 1613 1237 1819 1826 1328 1860 1389 1691 1821 1314 1609 1299 1178 1388 1551 1301 1112 1153 1580 BCNSPRNW ULIB Ver.6.0+V

เปลี่ยนเป็นภาษาไทย

Change to English
 แสดงรายละเอียดบรรณานุกรม
  กลับหน้าหลัก

Brief Record : Get Marc (ISO 2709) : E-mail record : QR code < ปิดหน้าต่าง
LEADER : 00000nam 2200000uu 4500
001    13399121806
003     ULIB
008    121207s2555||||th 000 0 tha d
020    9786167351957
060  4 WS113^bป152ค
100 0  ปทัตตา ภริตาธรรม,ผู้เรียบเรียง
245 00 คู่มืออ่านใจลูก วัยแรกเกิด ถึง 9 ขวบ=How to read your child s mind/^cปทัตตา ภริตาธรรม,ผู้เรียบเรียง
246 0  How to read your child s mind
260    กรุงเทพฯ:^bแพรธรรม,^c2555
300    191 หน้าซ:^bภาพประกอบ
650  0 การเลี้ยงเด็ก
945    ^p150^l0^i033177
945    ^p150^l0^i033178
995    เกษร
999    ^aใช้งานได้ทุกระบบ
รายการนี้ยังไม่มีแท็ก
คุณยังไม่ได้ล็อกอิน คุณสามารถมีกิจกรรมร่วมกับเว็บไซต์ได้ แต่ต้องล็อกอินก่อน ::
  ล็อกอิน

รายการสื่อสารสนเทศ

ลำดับที่ ประเภท เลขเรียก/บาร์โค้ด สถานที่ สถานะ
1. วิทยาศาสตร์การแพทย์ และสุขภาพ
หนังสือสำรอง
สถานะ=หนังสือสำรอง
WS113 ป152ค ฉ.1 
  Barcode: 033177
ห้องสมุดวิทยาเขตสวรรค์ประชารักษ์
►ส่วนจัดเก็บหนังสือเก่า สปร
บนชั้น
  ขอยืม
2. วิทยาศาสตร์การแพทย์ และสุขภาพ
วิทยาศาสตร์การแพทย์ และสุขภาพ
WS113 ป152ค ฉ.2 
  Barcode: 033178
ห้องสมุดวิทยาเขตสวรรค์ประชารักษ์
►ส่วนจัดเก็บหนังสือเก่า สปร
บนชั้น
  ขอยืม

รายการใกล้เคียง
    หัวเรื่อง [การเลี้ยงเด็ก]

BibComment


ยังไม่เคยถูกคอมเมนท์

คอมเมนท์ทรัพยากรรายการนี้
  คอมเมนท์: คู่มืออ่านใจลูก ว..


 Copyright 2026. Bcnsprnw @Library